[Event "Eesti klubide mv"]
[Site "Tallinn"]
[Date "2006.03.23"]
[Round "1"]
[White "Tsõganova, Monika"]
[Black "Vahtra, Tuuli"]
[Result "0-1"]
[WhiteElo "2269"]
[BlackElo "2059"]
[PlyCount "126"]
[EventDate "2006.03.23"]
[EventType "team"]
[EventRounds "7"]
[EventCountry "EST"]
[SourceDate "2006.04.22"]
[WhiteTeam "Narva Maletäht"]
[BlackTeam "Viljandi MS"]
[WhiteTeamCountry "EST"]
[BlackTeamCountry "EST"]

1. d4 Nf6 2. c4 e5 3. dxe5 Ng4 4. e3 Nxe5 5. Nh3 Bc5 6. Nf4 Nbc6 7. Nc3 O-O 8.
Be2 a5 9. O-O Re8 10. b3 d6 11. Bb2 Bf5 12. h3 Qg5 13. Kh1 Qh4 14. Ncd5 Rac8
15. Bc3 Ng6 16. g3 Qh6 17. Nh5 f6 18. h4 Nge5 19. Kh2 Nd7 20. Bg4 Bxg4 21. Qxg4
Nce5 22. Bxe5 Nxe5 23. Nhxf6+ Kh8 24. Qf4 gxf6 25. Nxf6 Qxf4 26. gxf4 Nf3+ 27.
Kg2 Nxh4+ 28. Kh3 Re6 29. Nd7 Nf5 30. Nxc5 dxc5 31. Kg4 Nd6 32. Rad1 b6 33. Rh1
Ne4 34. Kf3 Nf6 35. Rh4 Rce8 36. Rd2 h5 37. Rh1 Kg7 38. Rg1+ Kf7 39. Rg5 Rh8
40. Rd1 h4 41. Rh1 Ree8 42. Rg2 Rh5 43. Rgh2 Reh8 44. e4 h3 45. e5 Ne8 46. Ke4
Ng7 47. Rd1 Ke6 48. Rg1 Kf7 49. Rd1 Ke7 50. Rd3 Rh4 51. Rg3 Ne6 52. Ke3 Nxf4
53. Rg7+ Ke6 54. Rxc7 Kxe5 55. Kf3 Rg8 56. Rh1 h2 57. Re7+ Kf6 58. Ree1 Nd3 59.
Rd1 Rh3+ 60. Ke2 Nf4+ 61. Kf1 Rh5 62. Rd6+ Ke5 63. Rxb6 Rhg5 0-1

[Event "Eesti klubide mv"]
[Site "Tallinn"]
[Date "2006.03.24"]
[Round "2"]
[White "Veingold, Aleksander"]
[Black "Malinin, Juri"]
[Result "1-0"]
[WhiteElo "2505"]
[BlackElo "2358"]
[PlyCount "85"]
[EventDate "2006.03.23"]
[EventType "team"]
[EventRounds "7"]
[EventCountry "EST"]
[SourceDate "2006.04.22"]
[WhiteTeam "Vabaettur 1"]
[BlackTeam "Narva Maletäht"]
[WhiteTeamCountry "EST"]
[BlackTeamCountry "EST"]

1. d4 Nf6 2. Nf3 c5 3. d5 g6 4. Nc3 Bg7 5. e4 d6 6. Bb5+ Nbd7 7. a4 O-O 8. O-O
Ne8 9. Be3 Nc7 10. Bc4 a6 11. Qd2 Rb8 12. a5 b5 13. axb6 Nxb6 14. Be2 Bg4 15.
b3 f5 16. Bh6 fxe4 17. Bxg7 exf3 18. gxf3 Kxg7 19. fxg4 Qd7 20. f4 Rf7 21. Rf2
Rbf8 22. Raf1 Nb5 23. h3 Qb7 24. Nxb5 axb5 25. c4 bxc4 26. bxc4 Nd7 27. g5 Qb4
28. Qd3 Nb6 29. Rb1 Qa5 30. Rb5 Qa6 31. Qc3+ Kg8 32. Ra5 Qb7 33. Bg4 Nxd5 34.
cxd5 Qxd5 35. Rd2 Qe4 36. Ra1 Rxf4 37. Rg2 Rb8 38. Re1 Qd4+ 39. Qxd4 Rxd4 40.
Rxe7 c4 41. Rf2 c3 42. Rc7 Rb1+ 43. Kg2 1-0

[Event "Eesti klubide mv"]
[Site "Tallinn"]
[Date "2006.03.23"]
[Round "2"]
[White "Sõskov, Vjacheslav"]
[Black "Kovaljov, Deniss"]
[Result "1-0"]
[WhiteElo "2337"]
[BlackElo "2239"]
[PlyCount "75"]
[EventDate "2006.03.23"]
[EventType "team"]
[EventRounds "7"]
[EventCountry "EST"]
[SourceDate "2006.04.22"]
[WhiteTeam "Narva Maletäht"]
[BlackTeam "Vabaettur 1"]
[WhiteTeamCountry "EST"]
[BlackTeamCountry "EST"]

1. Nf3 d5 2. b3 Nf6 3. Bb2 Bg4 4. e3 Nbd7 5. Be2 c6 6. h3 Bxf3 7. Bxf3 e5 8. d3
Bb4+ 9. Nd2 O-O 10. a3 Ba5 11. O-O Re8 12. e4 dxe4 13. dxe4 Bc7 14. Nc4 Nc5 15.
Qe2 Ne6 16. g3 Nd4 17. Bxd4 exd4 18. Rae1 b5 19. Nb2 Qd7 20. Bg2 Bd6 21. b4 a5
22. Nd3 axb4 23. axb4 Nd5 24. Qd2 Nc3 25. e5 Bf8 26. Ra1 Ra4 27. f4 Rea8 28.
Rae1 Nd5 29. Bxd5 Qxd5 30. f5 Qc4 31. e6 Bxb4 32. exf7+ Kf8 33. Nxb4 Qxb4 34.
Qe2 Kxf7 35. f6 d3 36. Qh5+ Kf8 37. fxg7+ Kg8 38. Qf7# 1-0

[Event "Eesti klubide mv"]
[Site "Tallinn"]
[Date "2006.03.23"]
[Round "2"]
[White "Danilov, Nikolai"]
[Black "Tolmatshov, Eduard"]
[Result "1-0"]
[WhiteElo "2315"]
[BlackElo "2234"]
[PlyCount "91"]
[EventDate "2006.03.23"]
[EventType "team"]
[EventRounds "7"]
[EventCountry "EST"]
[SourceDate "2006.04.22"]
[WhiteTeam "Vabaettur 1"]
[BlackTeam "Narva Maletäht"]
[WhiteTeamCountry "EST"]
[BlackTeamCountry "EST"]

1. d4 d5 2. c4 e6 3. Nc3 Nf6 4. Bg5 Be7 5. e3 O-O 6. cxd5 exd5 7. Bd3 h6 8. Bh4
Nbd7 9. Nge2 c6 10. Qc2 Re8 11. O-O Ne4 12. Bxe7 Qxe7 13. Rae1 Ndf6 14. f3 Nxc3
15. Nxc3 Be6 16. a3 b6 17. e4 dxe4 18. fxe4 Red8 19. e5 Ne8 20. Qf2 c5 21. d5
Rxd5 22. Nxd5 Bxd5 23. Qf5 g6 24. Qf4 Kg7 25. e6 Bxe6 26. Bxg6 Kxg6 27. Qe4+
Kg7 28. Qxa8 c4 29. Kh1 Nf6 30. Rf3 Ng4 31. Qb8 Kh7 32. Qg3 h5 33. h3 Nh6 34.
Re5 h4 35. Qe1 Kg6 36. Qe4+ Kg7 37. Rh5 f5 38. Qf4 Nf7 39. Rxh4 Qc5 40. Re3 Qd5
41. Qg3+ Kf6 42. Qe1 b5 43. Qc3+ Kg5 44. Rd4 Qc6 45. Rg3+ Kh5 46. Qe3 1-0

[Event "Eesti klubide mv"]
[Site "Tallinn"]
[Date "2006.03.23"]
[Round "2"]
[White "Korstin, Maris"]
[Black "Krupenski, Juri"]
[Result "1-0"]
[WhiteElo "2218"]
[BlackElo "2290"]
[PlyCount "111"]
[EventDate "2006.03.23"]
[EventType "team"]
[EventRounds "7"]
[EventCountry "EST"]
[SourceDate "2006.04.22"]
[WhiteTeam "Narva Maletäht"]
[BlackTeam "Vabaettur 1"]
[WhiteTeamCountry "EST"]
[BlackTeamCountry "EST"]

1. g3 e5 2. Bg2 d5 3. c4 dxc4 4. Qa4+ c6 5. Qxc4 Be6 6. Qc2 g6 7. Nf3 Bg7 8.
Nc3 f5 9. d3 h6 10. b3 Ne7 11. Bb2 O-O 12. O-O Nd7 13. Na4 Qc7 14. Rac1 Rfe8
15. Nd2 Nd5 16. a3 a5 17. Nc5 Bf7 18. Nxd7 Qxd7 19. Nc4 Qe7 20. e4 fxe4 21.
dxe4 Nc7 22. Rfd1 (22. f4 $1 $16) 22... Nb5 23. a4 Nd4 24. Bxd4 exd4 25. f4 b5
(25... Qb4 26. e5 Bf8 $14) 26. Nd2 bxa4 27. bxa4 d3 28. Qxd3 Rad8 29. Qe2 Bb2
30. Rxc6 Qb4 31. e5 Qxa4 32. e6 Kh8 33. Nb3 $2 (33. Nf1 $1 $18) 33... Rxd1+ 34.
Qxd1 Bxe6 35. Bd5 Bf5 36. Ra6 Qb4 37. Kg2 a4 38. Nd2 a3 (38... Qb5 $1 39. Bc4
Qd7 $19) 39. Nc4 Rd8 40. Qf3 Qe1 41. Nd6 (41. g4 $1) 41... Rxd6 (41... Qd2+ 42.
Kh1 Bh3 $19) 42. Rxd6 Bd4 $2 (42... Qd2+ 43. Kh1 (43. Qf2 Bh3+ 44. Kf3 Qd3+ 45.
Qe3 Qf1+ 46. Qf2 (46. Ke4 Bf5#) 46... Bg2+ 47. Ke3 Bc1+) 43... Bh3 $19) 43.
Rd8+ Kg7 44. g4 a2 45. Rg8+ Kf6 46. gxf5 Qd2+ $4 (46... Qg1+ $8 47. Kh3 a1=Q
48. Rxg6+ (48. Rf8+ Ke7 49. Rf7+ Kd6 $19) 48... Qxg6 49. fxg6 Qc3 $11) 47. Kh3
a1=Q 48. Rxg6+ Ke7 49. Qe4+ Be5 50. f6+ Kd7 51. Rg7+ Kd8 52. Rg8+ Kc7 (52...
Kd7 53. Qf5+ Kd6 54. Qe6+ Kc5 55. Qc6+ Kd4 56. Qc4+ Ke3 57. Qe4+ Kf2 58. Qf3+
Ke1 59. Rg1#) 53. Qc4+ Kb6 54. Qc6+ Ka5 55. Ra8+ Kb4 56. Qc4# 1-0

[Event "Eesti klubide mv"]
[Site "Tallinn"]
[Date "2006.03.24"]
[Round "2"]
[White "Krupenski, Igor"]
[Black "Aleksejev, Igor"]
[Result "1-0"]
[WhiteElo "2326"]
[BlackElo "2096"]
[PlyCount "91"]
[EventDate "2006.03.23"]
[EventType "team"]
[EventRounds "7"]
[EventCountry "EST"]
[SourceDate "2006.04.22"]
[WhiteTeam "Vabaettur 1"]
[BlackTeam "Narva Maletäht"]
[WhiteTeamCountry "EST"]
[BlackTeamCountry "EST"]

1. d4 d5 2. Nf3 e6 3. c4 c6 4. Nc3 f5 5. Bg5 Be7 6. Bxe7 Qxe7 7. e3 Nf6 8. Be2
O-O 9. O-O Nbd7 10. Ne5 Ne4 11. f4 Nxe5 12. fxe5 Bd7 13. Bd3 Rf7 14. Bxe4 dxe4
15. c5 Qg5 16. Qd2 h5 17. Ne2 h4 18. Nf4 Qh6 19. Qe2 g6 20. Rf2 Rh7 21. Qc4 g5
22. Ne2 Rf8 23. Raf1 Kh8 24. Nc3 Rg8 25. Nb1 Rhg7 26. Nd2 Qh7 27. Qc2 Be8 28.
Nc4 f4 29. Nd6 Bg6 30. Qd2 f3 31. gxf3 exf3 32. Rxf3 Bh5 33. Rf6 g4 34. e4 Rg5
35. Rf7 R5g7 36. R7f6 Rg5 37. Rxe6 h3 38. Nf5 g3 39. Rh6 gxh2+ 40. Kxh2 Rg2+
41. Qxg2 Rxg2+ 42. Kxh3 Qxh6 43. Nxh6 Rxb2 44. e6 Bg6 45. e7 Re2 46. Nf7+ 1-0

[Event "Eesti klubide mv"]
[Site "Tallinn"]
[Date "2006.03.24"]
[Round "2"]
[White "Tsõganova, Monika"]
[Black "Bashkite, Viktoria"]
[Result "1-0"]
[WhiteElo "2296"]
[BlackElo "2214"]
[PlyCount "53"]
[EventDate "2006.03.23"]
[EventType "team"]
[EventRounds "7"]
[EventCountry "EST"]
[SourceDate "2006.04.22"]
[WhiteTeam "Narva Maletäht"]
[BlackTeam "Vabaettur 1"]
[WhiteTeamCountry "EST"]
[BlackTeamCountry "EST"]

1. d4 Nf6 2. c4 e6 3. Nf3 Bb4+ 4. Nbd2 O-O 5. g3 d5 6. Qc2 b6 7. Bg2 Ba6 8. O-O
c6 9. Ne5 Nfd7 10. Ndf3 f6 11. Nxc6 Nxc6 12. cxd5 Rc8 13. dxc6 Nb8 14. Qb3 Qe7
15. a3 Bd6 16. Nh4 Nxc6 17. Nf5 Qd7 18. d5 Na5 19. dxe6 Qc7 20. Qd5 Be5 21. e7+
Rf7 22. Qe6 Bb5 23. Bd5 Be8 24. Bh6 Nb7 25. Nxg7 Nc5 26. Qg4 Qd7 27. Nf5+ 1-0

[Event "Eesti klubide mv"]
[Site "Tallinn"]
[Date "2006.03.24"]
[Round "2"]
[White "Zjukin, Sergei"]
[Black "Külaots, Kaido"]
[Result "1/2-1/2"]
[WhiteElo "2366"]
[BlackElo "2567"]
[PlyCount "37"]
[EventDate "2006.03.23"]
[EventType "team"]
[EventRounds "7"]
[EventCountry "EST"]
[SourceDate "2006.04.22"]
[WhiteTeam "Kadrioru MK"]
[BlackTeam "Viljandi MS"]
[WhiteTeamCountry "EST"]
[BlackTeamCountry "EST"]

1. e4 c5 2. Nf3 e6 3. d4 cxd4 4. Nxd4 a6 5. Bd3 Bc5 6. c3 Be7 7. O-O d6 8. f4
Nd7 9. Qe2 Qc7 10. Nd2 Ngf6 11. N2f3 b5 12. e5 dxe5 13. fxe5 Nd5 14. Bg5 Bc5
15. Rae1 h6 16. Bd2 Bb7 17. Kh1 N5b6 18. Ng1 Bd5 19. b3 1/2-1/2

[Event "Eesti klubide mv"]
[Site "Tallinn"]
[Date "2006.03.24"]
[Round "2"]
[White "Kanep, Meelis"]
[Black "Tarakanov, Oleg"]
[Result "1-0"]
[WhiteElo "2528"]
[BlackElo "2200"]
[PlyCount "73"]
[EventDate "2006.03.23"]
[EventType "team"]
[EventRounds "7"]
[EventCountry "EST"]
[SourceDate "2006.04.22"]
[WhiteTeam "Viljandi MS"]
[BlackTeam "Kadrioru MK"]
[WhiteTeamCountry "EST"]
[BlackTeamCountry "EST"]

1. d4 d5 2. c4 c6 3. Nf3 Nf6 4. e3 e6 5. Bd3 a6 6. O-O dxc4 7. Bxc4 b5 8. Bd3
Bb7 9. a4 Nbd7 10. e4 Qb6 11. Qe2 Be7 12. Nbd2 Nh5 13. g3 Nhf6 14. e5 Nd5 15.
Ne4 h6 16. Bd2 O-O 17. a5 Qc7 18. Rac1 Rad8 19. Bb1 c5 20. Nxc5 Nxc5 21. dxc5
f5 22. exf6 Nxf6 23. c6 Bc8 24. b4 e5 25. Be3 e4 26. Qa2+ Rd5 27. Bxe4 Be6 28.
Nd4 Bf7 29. Bxd5 Nxd5 30. Qe2 Bxb4 31. Qg4 Nxe3 32. fxe3 Bd2 33. Nf5 Qe5 34.
Nxh6+ Kh7 35. Nxf7 Qxe3+ 36. Kg2 Bxc1 37. Qh5+ 1-0

[Event "Eesti klubide mv"]
[Site "Tallinn"]
[Date "2006.03.24"]
[Round "2"]
[White "Rauk, Tõnu"]
[Black "Seeman, Tarvo"]
[Result "0-1"]
[WhiteElo "2200"]
[BlackElo "2445"]
[PlyCount "124"]
[EventDate "2006.03.23"]
[EventType "team"]
[EventRounds "7"]
[EventCountry "EST"]
[SourceDate "2006.04.22"]
[WhiteTeam "Kadrioru MK"]
[BlackTeam "Viljandi MS"]
[WhiteTeamCountry "EST"]
[BlackTeamCountry "EST"]

1. d4 Nf6 2. c4 g6 3. Nc3 Bg7 4. Nf3 O-O 5. Bf4 d6 6. h3 a6 7. e3 c6 8. a4 a5
9. Be2 Na6 10. e4 Qe8 11. e5 dxe5 12. dxe5 Nd7 13. Qd2 Qd8 14. Rd1 Qb6 15. Bh6
Ndc5 16. h4 Bf5 17. Bxg7 Kxg7 18. Nd4 Nd3+ 19. Bxd3 Qxd4 20. Bxf5 Qxd2+ 21.
Rxd2 gxf5 22. Ke2 Rfd8 23. Rhd1 Rxd2+ 24. Rxd2 Nc5 25. Ke3 h6 26. Kf4 e6 27. f3
Ra6 28. Ke3 Rb6 29. Rc2 Rb4 30. Kd4 b6 31. g3 f6 32. exf6+ Kxf6 33. f4 h5 34.
Re2 Nxa4 35. Nxa4 Rxa4 36. Kc3 Ra1 37. Rd2 Rg1 38. Rd3 Rc1+ 39. Kb3 Ke7 40. Rd2
b5 41. cxb5 cxb5 42. Rd3 Rc5 43. Ka2 e5 44. fxe5 Rxe5 45. Rc3 Kd6 46. Rc8 Re3
47. Rb8 Kc5 48. Rf8 Rf3 49. Rc8+ Kd4 50. Rb8 b4 51. Rb5 Ke4 52. Rxa5 b3+ 53.
Ka3 Rxg3 54. Ra4+ Ke3 55. Kxb3 f4 56. Ra8 f3 57. Re8+ Kd2 58. Rd8+ Ke2 59. Re8+
Kf1 60. Kc4 f2 61. b4 Kg2 62. Re2 Kg1 0-1

[Event "Eesti klubide mv"]
[Site "Tallinn"]
[Date "2006.03.24"]
[Round "2"]
[White "Kärner, Hillar"]
[Black "Kortshagin, Oleg"]
[Result "1/2-1/2"]
[WhiteElo "2297"]
[BlackElo "2234"]
[PlyCount "76"]
[EventDate "2006.03.23"]
[EventType "team"]
[EventRounds "7"]
[EventCountry "EST"]
[SourceDate "2006.04.22"]
[WhiteTeam "Kadrioru MK"]
[BlackTeam "Viljandi MS"]
[WhiteTeamCountry "EST"]
[BlackTeamCountry "EST"]

1. e4 e5 2. Bc4 Nc6 3. d3 Nf6 4. f4 Be7 5. Nc3 exf4 6. Nf3 d6 7. Bxf4 O-O 8.
O-O Na5 9. Bb3 c6 10. Qd2 a6 11. Rae1 Nxb3 12. axb3 Be6 13. Nd4 Nd7 14. Qe2 Kh8
15. Nxe6 fxe6 16. Qg4 e5 17. Be3 Rf6 18. Qh3 Nf8 19. Rxf6 Bxf6 20. Rf1 Qd7 21.
Qf3 Ng6 22. Ne2 Rf8 23. Ng3 Nf4 24. Nh5 Nxh5 25. Qxh5 g6 26. Qe2 Bg7 27. Rxf8+
Bxf8 28. Bg5 h6 29. Bh4 Be7 30. Bf2 Kg7 31. Be3 h5 32. h3 Qe6 33. Qf3 Qf6 34.
Kf2 Kf7 35. Ke2 Ke6 36. g4 Qxf3+ 37. Kxf3 d5 38. Bd2 b5 1/2-1/2

[Event "Eesti klubide mv"]
[Site "Tallinn"]
[Date "2006.02.24"]
[Round "2"]
[White "Petrov, Aleksander"]
[Black "Kuldsepp, Tanel"]
[Result "0-1"]
[WhiteElo "2142"]
[BlackElo "2210"]
[PlyCount "48"]
[EventDate "2006.03.23"]
[EventType "team"]
[EventRounds "7"]
[EventCountry "EST"]
[SourceDate "2006.04.22"]
[WhiteTeam "Kadrioru MK"]
[BlackTeam "Viljandi MS"]
[WhiteTeamCountry "EST"]
[BlackTeamCountry "EST"]

1. e4 Nf6 2. Nc3 d6 3. d4 g6 4. f3 Bg7 5. Be3 O-O 6. Qd2 c6 7. g4 e5 8. O-O-O
Qa5 9. g5 Nh5 10. Nge2 b5 11. a3 Nd7 12. Ng3 Nf4 13. Bxf4 exf4 14. Qxf4 b4 15.
Nb1 Rb8 16. Qd2 c5 17. Ne2 Ba6 18. axb4 Rxb4 19. c3 Rb6 20. Nf4 cxd4 21. Bxa6
dxc3 22. bxc3 Nc5 23. Bc4 Rxb1+ 24. Kxb1 Rb8+ 0-1

[Event "Eesti klubide mv"]
[Site "Tallinn"]
[Date "2006.03.24"]
[Round "2"]
[White "Vahtra, Tuuli"]
[Black "Pärnpuu, Leili"]
[Result "1/2-1/2"]
[WhiteElo "2059"]
[BlackElo "2212"]
[PlyCount "63"]
[EventDate "2006.03.23"]
[EventType "team"]
[EventRounds "7"]
[EventCountry "EST"]
[SourceDate "2006.04.22"]
[WhiteTeam "Viljandi MS"]
[BlackTeam "Kadrioru MK"]
[WhiteTeamCountry "EST"]
[BlackTeamCountry "EST"]

1. Nf3 Nf6 2. e3 d5 3. b3 g6 4. Bb2 Bg7 5. Be2 c5 6. O-O Nc6 7. d4 cxd4 8. Nxd4
O-O 9. Nd2 Bd7 10. c4 Rc8 11. Bf3 dxc4 12. Nxc4 b6 13. Qe2 Nxd4 14. Bxd4 Bb5
15. Rac1 e6 16. a4 Ba6 17. b4 Nd5 18. Bxg7 Kxg7 19. Qb2+ Kg8 20. b5 Bb7 21.
Rfd1 Qe7 22. h3 Rfd8 23. a5 bxa5 24. Nxa5 Ba8 25. Qa1 Rxc1 26. Rxc1 Qd7 27. Nc6
Bxc6 28. bxc6 Qc7 29. Bxd5 Rxd5 30. Qa6 Rd8 31. Ra1 Rc8 32. Qxa7 1/2-1/2

[Event "Eesti klubide mv"]
[Site "Tallinn"]
[Date "2006.03.24"]
[Round "2"]
[White "Kukk, Sander"]
[Black "Sepp, Olav"]
[Result "0-1"]
[WhiteElo "2176"]
[BlackElo "2478"]
[PlyCount "54"]
[EventDate "2006.03.23"]
[EventType "team"]
[EventRounds "7"]
[EventCountry "EST"]
[SourceDate "2006.04.22"]
[WhiteTeam "SK Reval Sport"]
[BlackTeam "Saaremaa MK"]
[WhiteTeamCountry "EST"]
[BlackTeamCountry "EST"]

1. e4 e5 2. Nf3 Nc6 3. Bb5 Nf6 4. O-O Nxe4 5. d4 Nd6 6. dxe5 Nxb5 7. a4 d6 8.
axb5 Nxe5 9. Re1 Be7 10. Nxe5 dxe5 11. Qxd8+ Kxd8 12. Rxe5 Bd6 13. Re2 Re8 14.
Bg5+ f6 15. Rxe8+ Kxe8 16. Be3 b6 17. Nd2 Be6 18. Nf3 Kd7 19. Nd4 Bf7 20. Nc6
a5 21. Ra4 Re8 22. Kf1 Bg6 23. c4 Bc2 24. Ra1 Bd3+ 25. Ke1 Bxc4 26. Nd4 Bc5 27.
Rd1 Bb4+ 0-1

[Event "Eesti klubide mv"]
[Site "Tallinn"]
[Date "2006.03.24"]
[Round "2"]
[White "Lauk, Ülar"]
[Black "Valner, Uku"]
[Result "1-0"]
[WhiteElo "2398"]
[BlackElo "2102"]
[PlyCount "109"]
[EventDate "2006.03.23"]
[EventType "team"]
[EventRounds "7"]
[EventCountry "EST"]
[SourceDate "2006.04.22"]
[WhiteTeam "Saaremaa MK"]
[BlackTeam "SK Reval Sport"]
[WhiteTeamCountry "EST"]
[BlackTeamCountry "EST"]

1. e4 e6 2. d4 b6 3. Nf3 Bb7 4. Bd3 c5 5. c3 cxd4 6. cxd4 d6 7. Nc3 Nf6 8. O-O
Be7 9. Qe2 O-O 10. Bg5 h6 11. Bd2 Nbd7 12. Rfe1 Re8 13. Rad1 a6 14. e5 Nd5 15.
Qe4 Nf8 16. Qg4 Kh8 17. Qh5 Kg8 18. Ne4 f5 19. exf6 Nxf6 20. Nxf6+ Bxf6 21. Be4
Qd7 22. Bxb7 Qxb7 23. Bf4 Qd7 24. Qg4 e5 25. Qxd7 Nxd7 26. dxe5 dxe5 27. Be3
Nc5 28. Bxc5 bxc5 29. Re4 Rab8 30. b3 Red8 31. Rxd8+ Rxd8 32. Kf1 Rd1+ 33. Ke2
Rb1 34. Ra4 Rb2+ 35. Ke3 e4 36. Kxe4 Rxf2 37. g3 Re2+ 38. Kd3 Re6 39. Rc4 Be7
40. Re4 Rd6+ 41. Kc4 Kf7 42. Ne5+ Kf6 43. Nd3 a5 44. h3 g5 45. g4 Rd8 46. a3
Rd7 47. Re3 Rd4+ 48. Kb5 c4 49. bxc4 Bxa3 50. Nc5 Bxc5 51. Kxc5 Rd8 52. Kb6 a4
53. c5 a3 54. Rxa3 Ke6 55. Re3+ 1-0

[Event "Eesti klubide mv"]
[Site "Tallinn"]
[Date "2006.03.24"]
[Round "2"]
[White "Nestor, Kaarel"]
[Black "Kuusk, Indrek"]
[Result "1-0"]
[WhiteElo "2069"]
[BlackElo "2299"]
[PlyCount "120"]
[EventDate "2006.03.23"]
[EventType "team"]
[EventRounds "7"]
[EventCountry "EST"]
[SourceDate "2006.04.22"]
[WhiteTeam "SK Reval Sport"]
[BlackTeam "Saaremaa MK"]
[WhiteTeamCountry "EST"]
[BlackTeamCountry "EST"]

1. d4 d5 2. c4 c6 3. Nf3 Nf6 4. Nc3 e6 5. cxd5 exd5 6. Bg5 Be7 7. Qc2 g6 8. e3
Bf5 9. Bd3 Bxd3 10. Qxd3 Nbd7 11. a3 a5 12. Rb1 O-O 13. O-O Re8 14. Rfc1 Ne4
15. Bxe7 Qxe7 16. Qc2 f5 17. b4 axb4 18. axb4 Ra3 19. Rb3 Rxb3 20. Qxb3 Nxf2
21. Nxd5 cxd5 22. Kxf2 Qd6 23. Kg1 Ra8 24. Qc3 Nf6 25. Qc7 Qxc7 26. Rxc7 Ng4
27. Rc1 Ra2 28. Re1 Rb2 29. h3 Nf6 30. Ne5 Rxb4 31. Rc1 Rb2 32. Rc8+ Kg7 33.
Rc7+ Kh6 34. Rf7 Ne4 35. Rd7 Nc3 36. Nf7+ Kh5 37. Nd6 Kh4 38. Kh2 h6 39. Rh7
Kg5 40. Nf7+ Kf6 41. Nxh6 Nd1 42. Ng8+ Ke6 43. Re7+ Kd6 44. Rg7 Nxe3 45. Rxg6+
Kd7 46. h4 Nf1+ 47. Kg1 Ne3 48. h5 Ng4 49. Nf6+ Ke7 50. Nxg4 fxg4 51. h6 Kf7
52. h7 Kxg6 53. h8=Q Re2 54. Qg8+ Kf5 55. Qxd5+ Kf4 56. Kf1 Re4 57. Qf7+ Ke3
58. Qf2+ Kd3 59. d5 g3 60. Qxg3+ Kc4 1-0

[Event "Eesti klubide mv"]
[Site "Tallinn"]
[Date "2006.03.24"]
[Round "2"]
[White "Kuusk, Andres"]
[Black "Keskel, Marko"]
[Result "1-0"]
[WhiteElo "2253"]
[BlackElo "2151"]
[PlyCount "116"]
[EventDate "2006.03.23"]
[EventType "team"]
[EventRounds "7"]
[EventCountry "EST"]
[SourceDate "2006.04.22"]
[WhiteTeam "Saaremaa MK"]
[BlackTeam "SK Reval Sport"]
[WhiteTeamCountry "EST"]
[BlackTeamCountry "EST"]

1. e4 d5 2. exd5 Qxd5 3. Nc3 Qd6 4. d4 Nf6 5. Nf3 a6 6. Be3 Nc6 7. Qd2 Bf5 8.
a3 e5 9. d5 Ne7 10. O-O-O b5 11. Nxe5 Ne4 12. Nxe4 Bxe4 13. Bf4 Nxd5 14. Bg3
Nf6 15. Bd3 Qe6 16. Rhe1 O-O-O 17. Qa5 Bxd3 18. Nxd3 Qb6 19. Qxb6 cxb6 20. Ne5
Rxd1+ 21. Rxd1 Be7 22. Nxf7 Rf8 23. Ng5 Ng4 24. Ne4 Bc5 25. Nd6+ Bxd6 26. Rxd6
Rf6 27. Rxf6 Nxf6 28. f3 g6 29. Kd2 Kd7 30. Kd3 Ke6 31. Kd4 Nd5 32. b3 Ne7 33.
Bc7 Nd5 34. Bg3 Ne7 35. Bf2 Nd5 36. c4 bxc4 37. bxc4 Ne7 38. Kc3 Nc8 39. Bg3
Kd7 40. Kd4 Kc6 41. Bf4 Ne7 42. g4 b5 43. Bg5 Nc8 44. c5 Na7 45. f4 Kd7 46. Kd5
Nc6 47. f5 gxf5 48. gxf5 b4 49. axb4 Nxb4+ 50. Kc4 Nc6 51. Bf6 Na5+ 52. Kd5 Nc6
53. Bc3 Ne7+ 54. Ke5 Kc6 55. Ke6 Nxf5 56. Kxf5 Kxc5 57. Kg5 Kc4 58. Ba5 Kb5 1-0

[Event "Eesti klubide mv"]
[Site "Tallinn"]
[Date "2006.03.24"]
[Round "2"]
[White "Alasoo, Kaarel"]
[Black "Siemer, Tambet"]
[Result "0-1"]
[WhiteElo "1990"]
[BlackElo "2171"]
[PlyCount "44"]
[EventDate "2006.03.23"]
[EventType "team"]
[EventRounds "7"]
[EventCountry "EST"]
[SourceDate "2006.04.22"]
[WhiteTeam "SK Reval Sport"]
[BlackTeam "Saaremaa MK"]
[WhiteTeamCountry "EST"]
[BlackTeamCountry "EST"]

1. e4 c6 2. d4 d5 3. Nc3 dxe4 4. Nxe4 Nf6 5. Ng3 Bg4 6. f3 Bh5 7. Nxh5 Nxh5 8.
Bc4 e6 9. Ne2 Bd6 10. O-O Nd7 11. Nc3 Qh4 12. f4 g5 13. g3 Nxg3 14. hxg3 Qxg3+
15. Kh1 Qh4+ 16. Kg2 gxf4 17. Kf3 Rg8 18. Ke2 Nf6 19. Qe1 Qh5+ 20. Kd2 Rg2+ 21.
Rf2 f3 22. Kd1 Bg3 0-1

[Event "Eesti klubide mv"]
[Site "Tallinn"]
[Date "2006.03.24"]
[Round "2"]
[White "Vovk, Ilja"]
[Black "Shevtshenko, Robert"]
[Result "1/2-1/2"]
[WhiteElo "2265"]
[BlackElo "2396"]
[PlyCount "48"]
[EventDate "2006.03.23"]
[EventType "team"]
[EventRounds "7"]
[EventCountry "EST"]
[SourceDate "2006.04.22"]
[WhiteTeam "Vabaettur 2"]
[BlackTeam "Paul Kerese MK"]
[WhiteTeamCountry "EST"]
[BlackTeamCountry "EST"]

1. e4 c5 2. Nf3 Nc6 3. d4 cxd4 4. Nxd4 Nf6 5. Nc3 e5 6. Ndb5 d6 7. Bg5 a6 8.
Na3 b5 9. Bxf6 gxf6 10. Nd5 f5 11. c3 Bg7 12. exf5 Bxf5 13. Nc2 Be6 14. Nce3
Ne7 15. Nxe7 Qxe7 16. Bd3 d5 17. O-O e4 18. Bc2 Rd8 19. Qh5 O-O 20. Rad1 f5 21.
Bb3 Kh8 22. Nxd5 Bxd5 23. Rxd5 Rxd5 24. Bxd5 b4 1/2-1/2

[Event "Eesti klubide mv"]
[Site "Tallinn"]
[Date "2006.03.24"]
[Round "2"]
[White "Garber, Vjacheslav"]
[Black "Karjakin, Sergei"]
[Result "1-0"]
[WhiteElo "2170"]
[BlackElo "2203"]
[PlyCount "73"]
[EventDate "2006.03.23"]
[EventType "team"]
[EventRounds "7"]
[EventCountry "EST"]
[SourceDate "2006.04.22"]
[WhiteTeam "Paul Kerese MK"]
[BlackTeam "Vabaettur 2"]
[WhiteTeamCountry "EST"]
[BlackTeamCountry "EST"]

1. d4 Nf6 2. Nf3 g6 3. Nc3 d5 4. Bf4 Bg7 5. Ne5 O-O 6. Qd2 c5 7. dxc5 Qa5 8.
O-O-O Qxc5 9. f3 Be6 10. Kb1 Nh5 11. e3 Nxf4 12. exf4 Nc6 13. Nd3 Qa5 14. Nc1
d4 15. Ne4 Qb6 16. Bd3 a5 17. g4 a4 18. h4 a3 19. b3 Nb4 20. h5 Nd5 21. Qh2
Rfc8 22. hxg6 hxg6 23. Rd2 Qc7 24. Ne2 Ne3 25. N2g3 Qxf4 26. Qh7+ Kf8 27. Rdh2
f5 28. Qxg6 fxe4 29. Qxe6 exd3 30. cxd3 Rc1+ 31. Rxc1 Qxg3 32. Rch1 Qe5 33.
Qxe5 Bxe5 34. Rh8+ Bxh8 35. Rxh8+ Kf7 36. Rxa8 Kg6 37. Rxa3 1-0

[Event "Eesti klubide mv"]
[Site "Tallinn"]
[Date "2006.03.24"]
[Round "2"]
[White "Shlõkov, Vitali"]
[Black "Ilves, Jüri"]
[Result "1-0"]
[WhiteElo "2277"]
[BlackElo "2096"]
[PlyCount "91"]
[EventDate "2006.03.23"]
[EventType "team"]
[EventRounds "7"]
[EventCountry "EST"]
[SourceDate "2006.04.22"]
[WhiteTeam "Vabaettur 2"]
[BlackTeam "Paul Kerese MK"]
[WhiteTeamCountry "EST"]
[BlackTeamCountry "EST"]

1. d4 Nf6 2. c4 d6 3. Nf3 c6 4. Nc3 Bf5 5. g3 Ne4 6. Bg2 Nxc3 7. bxc3 Be4 8.
O-O e6 9. Nd2 Bxg2 10. Kxg2 Be7 11. Rb1 Qc8 12. e4 O-O 13. f4 f5 14. Ba3 Re8
15. Re1 b6 16. exf5 exf5 17. Qe2 Na6 18. Qd3 Nc7 19. Nf3 Qd7 20. Rbd1 Bf6 21.
h3 Rxe1 22. Nxe1 Re8 23. Nc2 Re4 24. Ne3 g6 25. Kf3 Re8 26. g4 fxg4+ 27. hxg4
Bg7 28. d5 c5 29. Bc1 Rf8 30. Rh1 Qf7 31. f5 Ne8 32. Ke2 Be5 33. Rf1 g5 34. Rh1
Nf6 35. Kf3 Qg7 36. Bd2 Bf4 37. Nd1 Bxd2 38. Qxd2 Re8 39. Re1 Rxe1 40. Qxe1 h5
41. Nf2 Kh7 42. Qe6 Nxg4 43. Nxg4 hxg4+ 44. Kxg4 Qh6 45. Qe7+ Kh8 46. Qxg5 1-0